Corporate safety plan (2003-2013) (Record no. 492088)

000 -LEADER
fixed length control field 00362cam a22001217a 4500
008 - FIXED-LENGTH DATA ELEMENTS--GENERAL INFORMATION
fixed length control field 180718b2003 xxu||||| |||| 00| 0 eng d
082 ## - DEWEY DECIMAL CLASSIFICATION NUMBER
Classification number W17x54 C817
100 ## - MAIN ENTRY--PERSONAL NAME
Personal name India. Ministry of Railways. Railway Board
245 ## - TITLE STATEMENT
Title Corporate safety plan (2003-2013)
260 ## - PUBLICATION, DISTRIBUTION, ETC.
Place of publication, distribution, etc. New Delhi
Name of publisher, distributor, etc. The author
Date of publication, distribution, etc. 2003
300 ## - PHYSICAL DESCRIPTION
Extent 71p.
650 ## - SUBJECT ADDED ENTRY--TOPICAL TERM
Topical term or geographic name entry element Railways - Safety measures - India
Holdings
Withdrawn status Lost status Damaged status Not for loan Permanent Location Current Location Date acquired Full call number Barcode Date last seen Price effective from Koha item type
        Indian Institute of Public Administration Indian Institute of Public Administration 2018-08-04 W17x54 C817 GG26205 2018-08-04 2018-08-04 GG

Powered by Koha